En el aula (Registro nro. 87140)

Detalles MARC
000 -ENCABEZADO
Número de control [NR] 00865nam a22002417a 4500
005 - FECHA Y HORA DE LA ÚLTIMA TRANSACCIÓN
control field 20240527082414.0
008 - DE LONGITUD FIJA DE DATOS DE ELEMENTOS - INFORMACIÓN GENERAL
Elementos de longitud fija [NR] 130821s1943 ck gr spa
040 ## - FUENTE DE CATALOGACION [NR]
Agencia de catalogación original [NR] Co-BoUCM
Idioma de catalogación [NR] spa
Quien Cataloga David Moreno (modificó)
Quien Clasifica David Moreno (modificó)
041 00 - CODIGO DE IDIOMA [R]
Código de idioma para texto/pista de sonido o título separado [R] Español
100 ## - ASIENTO PRINCIPAL--NOMBRE PERSONAL [NR]
Nombre personal [NR] Vega, Fernando De La
Fechas asociadas con el nombre [NR] 1892-1952
ID Autoridad 170963
245 00 - MENCION DE TITULO [NR]
Título [NR] En el aula
Mención de responsabilidad, etc. [NR] Fernando de la Vega
260 ## - PUBLICACION, DISTRIBUCION, ETC. (PIE DE IMPRENTA) [R]
Lugar de publicación, distribución, etc. [R] Bucaramanga (Colombia)
Nombre del editor, distribuidor, etc. [R] Dirección de Educación Pública
Fecha de publicación, distribución, etc. [R] 1943
300 ## - DESCRIPCION FISICA [R]
Extensión [R] 199 páginas
490 ## - MENCION DE SERIE [R]
Mención de serie [R] Biblioteca del Estudiante ; v.3
650 04 - ASIENTO SECUNDARIO DE MATERIA - TERMINO TEMATICO [R]
Término temático o nombre geográfico como elemento de entrada [NR] Ensayos colombianos
9 (RLIN) 14557
650 04 - ASIENTO SECUNDARIO DE MATERIA - TERMINO TEMATICO [R]
Término temático o nombre geográfico como elemento de entrada [NR] Ensayos, conferencias, etc.
9 (RLIN) 7572
650 04 - ASIENTO SECUNDARIO DE MATERIA - TERMINO TEMATICO [R]
Término temático o nombre geográfico como elemento de entrada [NR] Filosofía
9 (RLIN) 75
650 04 - ASIENTO SECUNDARIO DE MATERIA - TERMINO TEMATICO [R]
Término temático o nombre geográfico como elemento de entrada [NR] Filosofía
Subdivisión de forma [R] Ensayos, conferencias, etc.
9 (RLIN) 75
650 04 - ASIENTO SECUNDARIO DE MATERIA - TERMINO TEMATICO [R]
Término temático o nombre geográfico como elemento de entrada [NR] Literatura colombiana
9 (RLIN) 18629
650 04 - ASIENTO SECUNDARIO DE MATERIA - TERMINO TEMATICO [R]
Término temático o nombre geográfico como elemento de entrada [NR] Metafísica
9 (RLIN) 19397
942 ## - ELEMENTOS DE ENTRADA AGREGADOS (KOHA)
Tipo de ítem principal el descrito en 300a Libro
Tema principal Literatura
Edición 1
Parte restante de la signatura top. V34E
Título oculto en OPAC No
Sistema de clasificación DEWEY
Clasificación 868.4
Existencias
Signatura topográfica Código de barras Última vez visto Ejemplar Price effective from Tipo de ítem Nota pública (OPAC) Perdido Sistema de clasificación Dañado No prestable Tipo de ítem específico Suprimido Ubicación habitual Ubicación actual Localización Fecha de creación Forma de adquisición Costo
868.4 V34E 120002980 04/12/2025 Ej.1 03/02/2013 Libro Galería de donantes - José Vicente Castro Silva   DEWEY     Fondos especiales   Claustro Claustro 3er piso 28/02/2003 Donación 0.00